000 00269nam a2200097Ia 4500
008 230915s9999 xx 000 0 und d
050 _aRC 776 .P87 H39 2012
100 _aHAYES,BOYER RONALD
245 0 _a`PULMONARY HYPERTENSION:A PATIENT'S SURVIVAL GUIDE
942 _cBK
999 _c196785
_d196785